000 00428aam a2200169 4500
005 20250219135526.0
008 150611b1999 xxu||||| |||| 00| 0 spa d
041 _aESP
082 _aR 463 S445d
100 _aSeco Reymundo, Manuel
245 _aDiccionario de dudas de Manuel Seco
260 _aEspaña
_b1999
_c433 páginas
650 _aESPAÑOL
650 _aDICCIONARIO
650 _aERRORES DEL USO
942 _cREF
_2ddc
999 _c2805
_d2805